000 00365nam a2200145Ia 4500
008 230704s9999 xx 000 0 und d
020 _a9788174730909
100 _aFERNALD, L. DODGE
245 0 _aMUNNS INTRODUCTION TO PSYCHOLOGY
250 _a5TH
260 _bAITBS PUBLISHERS, INDIA
_c2021
300 _a643
650 _aAnatomy & Physiology
942 _cBK
999 _c215453
_d215453